|
|
|
|
| LEADER |
00759nam a22002177a 4500 |
| 001 |
10641 |
| 003 |
BD-DhAAL |
| 005 |
20150304103708.0 |
| 008 |
150304b ii ||||| |||| 00| 0 eng d |
| 020 |
|
|
|a 9812359737
|
| 040 |
|
|
|a BD-DhAAL
|c BD-DhAAL
|
| 082 |
|
|
|2 22
|a 005.4/3
|
| 100 |
|
|
|a Deitel, Harvey M.
|9 9036
|
| 245 |
|
|
|a An introduction to operating systems /
|c Harvey M. Deitel
|
| 260 |
|
|
|a Reading, Massachusetts :
|b Addison-Wesley,
|c 1999
|
| 300 |
|
|
|a xxvi, 853 p. :
|b ill. ;
|c 24 cm.
|
| 541 |
|
|
|e 10641
|
| 650 |
|
|
|a Operating systems (Computers)
|9 7572
|
| 942 |
|
|
|2 ddc
|c BK
|
| 999 |
|
|
|c 33876
|d 33876
|
| 952 |
|
|
|0 0
|1 0
|2 ddc
|4 0
|6 005_430000000000000_DEI
|7 0
|9 52872
|a BRACUL
|b BRACUL
|c GEN
|d 2015-03-04
|l 4
|m 53
|o 005.43 DEI
|p 3010010641
|r 2025-07-20
|s 2025-02-18
|t 1
|w 2015-03-04
|y BK
|